000 00559nam a22002057a 4500
003 DO-SdBNP
005 20171129144455.0
008 171129b 1959 sp ||||| |||| 00| 0 spa d
040 _aBPMSU
_bspa
_cBPMSU
092 _axxxx
_bxxxx
100 1 _a Harrison, Charles C.
245 1 0 _aAventuras de Dick Turpin /
_cCharles C. Harrison.
260 _aBarcelona :
_bBruguera,
_c1959.
300 _a256 p. ;
_b20 cm.
490 1 _aIris
830 0 _aIris
942 _2ddc
_cBK
945 _aInventariado 2017 / LP
956 _aLOPEREZ
_b10
_c20171129
_d0041
999 _c13218
_d13218